Philippine cookery and hosehold hints (Record no. 2459)

MARC details
000 -LEADER
fixed length control field 00460nam a22001697a 4500
003 - CONTROL NUMBER IDENTIFIER
control field 0
005 - DATE AND TIME OF LATEST TRANSACTION
control field 20220114142140.0
008 - FIXED-LENGTH DATA ELEMENTS--GENERAL INFORMATION
fixed length control field 0
040 ## - CATALOGING SOURCE
Transcribing agency 0
050 ## - LIBRARY OF CONGRESS CALL NUMBER
Classification number TX725
Item number .P5521 1980
100 ## - MAIN ENTRY--PERSONAL NAME
Personal name Alvarez,Herminia V.
245 ## - TITLE STATEMENT
Title Philippine cookery and hosehold hints
Statement of responsibility, etc. Herminia V. Alvarez
260 ## - PUBLICATION, DISTRIBUTION, ETC.
Place of publication, distribution, etc. Manila:
Name of publisher, distributor, etc. Uliran Publishing and Trading Corporation;
Date of publication, distribution, etc. c1980.
300 ## - PHYSICAL DESCRIPTION
Extent vi256pages:
Other physical details with Illustration;
Dimensions 22 cm.
504 ## - BIBLIOGRAPHY, ETC. NOTE
Bibliography, etc. note Includes index
942 ## - ADDED ENTRY ELEMENTS (KOHA)
Source of classification or shelving scheme Library of Congress Classification
Koha item type Filipiniana
Holdings
Withdrawn status Source of classification or shelving scheme Damaged status Not for loan Home library Current library Date acquired Total Checkouts Full call number Barcode Date last seen Price effective from Koha item type
  Library of Congress Classification     Cainta College Library Cainta College Library 03/26/2018   TX725.P5521 1980 URSCAI-4139 03/26/2018 03/26/2018 Filipiniana

University of Rizal System
Email us at univlibservices@urs.edu.ph

Visit our Website www.urs.edu.ph/library